000 00304nam a2200133Ia 4500
008 190216s9999||||xx |||||||||||||| ||und||
100 _aSumita Arora
245 0 _aComputer Science Question Book
250 _a1st Ed.
260 _bDhanpat Rai
_c1998
300 _a299
650 _aComputer
942 _cBK
999 _c8583
_d8583